| 000 | 00589nam a2200205Ia 4500 | ||
|---|---|---|---|
| 003 | IN-BaIIA | ||
| 008 | 211028s9999 xx 000 0 eng d | ||
| 040 | _cIIA Library | ||
| 080 |
_a538 _bROB |
||
| 100 |
_aRoberts, P. H _925217 |
||
| 245 | 3 |
_aAn introduction to magnetohydrodynamics _cP. H. Roberts |
|
| 260 |
_aLondon _bLongmans, Green _c1967 |
||
| 300 | _ax, 264p. | ||
| 500 | _aPhotocopy of Original | ||
| 650 |
_aAlfven waves _912286 |
||
| 650 |
_aElectromagnetic induction _925218 |
||
| 650 |
_aHomogeneous dynamos _925219 |
||
| 650 |
_aMagnetohydrodynamics _91666 |
||
| 942 | _cBK | ||
| 999 |
_c14259 _d14259 |
||